000 00496nam a2200181Ia 4500
005 20250508162515.0
008 008 250505s9999 xx 000 0 eng d
037 _aTextual
040 _aFEDL
_beng
_cFEDL
041 _aeng
_2eng
084 _a306, MIS
_qFEDL
100 _aMisra R. P.
245 0 _aDevelopment issues of our time
260 _aNew Delhi, India
_bConcept Publishing company
_c1985
300 _axi,368p
942 _cTEXL
_h306, MIS
999 _c1376980
_d1376980